01264nab a22002057a 4500999001500000003000400015005001700019008004100036040000700077100003700084245006500121260007200186300001300258505050900271505008900780650002300869650002800892773012500920942001301045 c6084d6084OSt20260121191817.0190502c xxu||||| |||| 00| 0 spa d cPJ 96860aOclander, Martín Ignacio13aEl delito de lavado de activos /cMartín Ignacio Oclander. aCiudad Autónoma de Buenos Aires :bThomson Reuters La Ley,c2024. ap. 17-28 aSumario: I. Tipo objetivo.— II. Tipo subjetivo.— III. Autonomía del delito de lavado de activos.— IV. Delito continuado. Ley aplicable a los hechos iniciados antes de la reforma introducida por la ley 26.683.— V. El delito de lavado de activos atenuado por el monto blanqueado (art. 303, inc. 4, Cód. Penal).— VI. El delito de lavado de activos agravado por la habitualidad de la conducta o por actuar en forma organizada (art. 303, inc. 2, a, Cód. Penal).— VII. Figuras relacionadas.  t¿Te interesa el texto completo? Solicitalo al correo: koha@justierradelfuego.gov.ar 09343aDERECHO PENAL 093064aLAVADO DE ACTIVOS0 0272993180dBuenos Aires : LexisNexis, 2006-tRevista de derecho penal y procesal penal. Nº 7 - Julio 2024z9875920622 2udccANA